000 00756nam a2200217Ia 4500
001 6564
003 GE_BSU
008 181216s||||||||xx |||||||||||||| ||und||
040 _cGE_BSU
080 _a821.353.1-1
100 _aბესიკი.
245 _aთხზულებანი:ტექსტი,შენიშვნები,ლექსიკონი.
245 _cალ.ბარამიძისა,და ვ.თოფურიას,რედაქვიით.
250 _aმეექვსე გამოცემა.
260 _aთბილისი.
260 _bსაბჭ.მწერალი.
260 _c1962.
300 _a360გვ;21სმ.
653 _aთხზულებანი.
942 _cBK
999 _c39958
_d39958